El éxodo de Yangana o Canto de un pueblo (Registro nro. 70051)
[ vista simple ]
| 000 -LÍDER | |
|---|---|
| Campo fijo de descripción fija | 01376nab a2200241 i 4500 |
| 001 - NÚMERO DE CONTROL | |
| Campo de control | 768714001 |
| 003 - IDENTIFICADOR DEL NÚMERO DE CONTROL | |
| Campo de control | CO-MdFUSB |
| 005 - FECHA Y HORA DE LA ULTIMA TRANSACCIÓN | |
| control field | 20240609105509.0 |
| 008 - ELEMENTOS DE LONGITUD FIJA -- INFORMACIÓN GENERAL | |
| Campo fijo de descripción fija -- Información general | 240604t1977 ag ||||| |||| 00| 0 spa d |
| 040 ## - FUENTE DE CATALOGACIÓN | |
| Idioma de catalogación | spa |
| Agencia que realiza la transcripción | CO-MdFUSB |
| Agencia que realiza la modificación | CO-MdFUSB |
| 041 ## - CÓDIGO DE IDIOMA | |
| Código de idioma para texto/pista de sonido o título separado | spa |
| 100 ## - ASIENTO PRINCIPAL--NOMBRE PERSONAL | |
| Término relacionador | autor |
| 245 #3 - TÍTULO | |
| Título | El éxodo de Yangana o Canto de un pueblo |
| Mención de responsabilidad | / Manuel Zabala y Washington Padilla |
| 520 ## - NOTA DE RESUMEN, ETC. | |
| Nota de sumario, etc. | En la historia ecuatoriana, el Éxodo Yangana, también conocido como Canción para el Pueblo, de Angel F. Rojas,es muy significativo debido a su mensaje masculino, uso creativo de imágenes y diseño astuto. <br/>El hecho de que Rojas se concentre en temas que otros escritores ecuatorianos evitan es lo que le ha valido una importante reputación entre la crítica. La historia de un pueblo nómada en camino hacia un destino incierto pero libre, dejando atrás las cenizas de una población anciana condenada a morir por una ambición insostenible: este es, en definitiva, el tema central. |
| 650 #0 - ASIENTO SECUNDARIO DE MATERIA - TERMINO TEMÁTICO | |
| Término temático o nombre geográfico como elemento de entrada | Esperanza de vida |
| 9 (RLIN) | 1113 |
| 650 #7 - ASIENTO SECUNDARIO DE MATERIA - TERMINO TEMÁTICO | |
| Término temático o nombre geográfico como elemento de entrada | Arte y religión |
| 9 (RLIN) | 6946 |
| 650 #0 - ASIENTO SECUNDARIO DE MATERIA - TERMINO TEMÁTICO | |
| Término temático o nombre geográfico como elemento de entrada | Cristianismo en la literatura |
| 9 (RLIN) | 1198 |
| 650 #7 - ASIENTO SECUNDARIO DE MATERIA - TERMINO TEMÁTICO | |
| Término temático o nombre geográfico como elemento de entrada | Dios |
| 9 (RLIN) | 178 |
| 650 #7 - ASIENTO SECUNDARIO DE MATERIA - TERMINO TEMÁTICO | |
| Término temático o nombre geográfico como elemento de entrada | Fe |
| 9 (RLIN) | 531 |
| 773 0# - ASIENTO DE ITEM FUENTE | |
| Biblionumber | 69974 |
| Itemnumber | 82718 |
| Lugar, editorial y fecha de publicación | Buenos Aires |
| Otro identificador del ítem | R2610 |
| Título | Certeza |
| Número de control del registro | (CO-MdFUSB)768714001 |
| Parte(s) relacionada(s) / Volumen., número. (mes año), páginas | Número 66, (abril- junio, 1977) páginas: 44 - 47 |
| Enumeración y primera página | página: 44 |
| 942 ## - TIPO DE MATERIAL (KOHA) | |
| Tipo de Item KOHA | Artículos de Revista |
| 945 ## - INFORMACIÓN LOCAL DEL REGISTRO | |
| Catalogador | Catherine Arias Álvarez - Practicante SENA |
No hay ítems disponibles.
